La Avicultura práctica : boletín mensual ilustrado dirigido por Salvador Castelló y Carreras : órgano oficial de la Real Escuela de Avicultura de Arenys de Mar boletín mensual ilustrado dirigido por Salvador Castelló y Carreras :
Descripción Física:
31 cm
Materias:
Avicultura -- Revistes
MARC
| LEADER | 00000nam a2200000Ia 4500 | ||
|---|---|---|---|
| 003 | BGR | ||
| 005 | 20260324180551.0 | ||
| 008 | 160829s9999 xx 000 0 cat d | ||
| 008 | 160829s9999 xx 000 0 cat d | ||
| 080 | |a C-204, exp. 17 | ||
| 245 | |a La Avicultura práctica : |b boletín mensual ilustrado dirigido por Salvador Castelló y Carreras : |b órgano oficial de la Real Escuela de Avicultura de Arenys de Mar | ||
| 260 | |a Arenys de Mar : |b Granja Paraíso, - | ||
| 300 | |a 31 cm | ||
| 362 | |a Año 1 (nov. 1896)- | ||
| 650 | |a Avicultura |x Revistes |9 48823 | ||
| 710 | 2 | |a Escola d'Avicultura d'Arenys de Mar |9 70774 | |
| 866 | |a 1896 (4) | ||
| 901 | |a Arxiu | ||
| 942 | |n 1 |2 udc |c MON | ||
| 952 | |0 0 |1 0 |4 0 |6 C204_EXP_17 |7 1 |9 54884 |a Arxiu |b Arxiu |d 2016-12-01 |l 0 |o C-204, exp. 17 |r 2016-12-01 00:00:00 |w 2016-12-01 |y ARXIU | ||
| 999 | |c 58754 |d 58754 | ||